Nennen Sie Länder in denen Sie mit € bezahlen können - Sudden Death - Statistiken

Allgemein
  • Dieses Quiz wurde 164 mal gespielt
  • Das Durchschnittsergebnis liegt bei 9 aus 20
Answers on the Grid
Answers color-coded by a green-red scale on the quiz's grid according to % correct below.
Norwegen
Finnland
Schweden
Irland
Litauen
Malta
Gibraltar
Liechtenstein
Belgien
Niederlande
Zypern
Griechenland
Luxemburg
Andorra
Lettland
Deutschland
Polen
Estland
Türkei
Rumänien
Frankreich
Mazedonien
Italien
Österreich
Kroatien
Albanien
Portugal
Slowenien
Slowakei
Spanien
 
Antwortstatistiken
Antwort % Korrekt
Niederlande
71%
Belgien
65%
Deutschland
60%
Luxemburg
60%
Frankreich
58%
Griechenland
58%
Spanien
55%
Irland
54%
Italien
52%
Österreich
52%
Portugal
51%
Finnland
48%
Malta
43%
Kroatien
38%
Litauen
38%
Estland
31%
Slowenien
28%
Zypern
27%
Lettland
23%
Slowakei
22%
Keine übereinstimmenden Quizze gefunden
Verteilung der Resultate
Anzahl Personen mit jedem Resultat
Perzentil nach korrekt beantworteten Fragen
Ihre Resultats-Entwicklung
Sie haben dieses Quiz noch nicht gespielt